[Event "CHI-ch sf qual U1600"]
[Site "Villa Alemana"]
[Date "2019.12.14"]
[Round "1.1"]
[White "Sepulveda Castro, Cesar"]
[Black "Rivadeneira Maturana, Benjamin"]
[Result "1-0"]
[WhiteElo "1765"]
[BlackElo "1075"]
[PlyCount "81"]
[EventDate "2019.12.14"]
[EventType "swiss"]
[EventRounds "5"]
[EventCountry "CHI"]
[SourceTitle "EXT 2024"]
[Source "ChessBase"]
[SourceDate "2023.10.10"]
[SourceVersion "1"]
[SourceVersionDate "2023.10.10"]
[SourceQuality "1"]

1. Nf3 Nc6 2. d4 d5 3. Bf4 Bf5 4. a3 f6 5. e3 e6 6. c4 Nge7 7. Nc3 a6 8. Rc1 Rb8 9. h3 g5 10. Bg3 Bg6 11. Be2 Bg7 12. b4 Na7 13. Qa4+ c6 14. Bxb8 Qxb8 15. b5 Qc8 16. b6 Nb5 17. cxb5 axb5 18. Nxb5 Qd8 19. Nc7+ Kf7 20. Rc5 Nc8 21. Qb3 Bh6 22. Ra5 Qd6 23. Ra8 Rd8 24. 0-0 f5 25. Rb8 g4 26. hxg4 fxg4 27. Ne5+ Kg8 28. Nxg6 hxg6 29. Bxg4 Kh8 30. Bxe6 Bg5 31. Rxc8 Rxc8 32. Bxc8 Bd8 33. Qb4 Bxc7 34. bxc7 Qxc7 35. Qf8+ Kh7 36. Be6 Qg7 37. Qxg7+ Kxg7 38. a4 Kf8 39. Rb1 Ke7 40. Bg4 Kd8 41. Rxb7 1-0